Survey computations to be used in conjunction with the Text book of Topographical Surveying (third edition) (Record no. 90115)

MARC details
000 -LEADER
fixed length control field 00506cam a2200193 4500
001 - CONTROL NUMBER
control field D5140
008 - FIXED-LENGTH DATA ELEMENTS--GENERAL INFORMATION
fixed length control field 090401t1932 xxu||||| |||| 00| 0 eng d
035 ## - SYSTEM CONTROL NUMBER
System control number (Sirsi) u35453
041 ## - LANGUAGE CODE
Language code of text/sound track or separate title eng
050 ## - LIBRARY OF CONGRESS CALL NUMBER
Classification number 526.98
110 ## - MAIN ENTRY--CORPORATE NAME
Corporate name or jurisdiction name as entry element War Office
9 (RLIN) 3243
245 ## - TITLE STATEMENT
Title Survey computations to be used in conjunction with the Text book of Topographical Surveying (third edition)
250 ## - EDITION STATEMENT
Edition statement 2nd
260 ## - PUBLICATION, DISTRIBUTION, ETC.
Place of publication, distribution, etc. London
Name of publisher, distributor, etc. HMSO
Date of publication, distribution, etc. 1932
300 ## - PHYSICAL DESCRIPTION
Extent ix. 146p. 33cm
350 ## - PRICE (NR) (BK AM CF MU VM SE) [OBSOLETE]
Price 0
942 ## - ADDED ENTRY ELEMENTS (KOHA)
Suppress in OPAC 0
948 ## - LOCAL PROCESSING INFORMATION (OCLC); SERIES PART DESIGNATOR (RLIN)
c (OCLC) 04/03/1997
Holdings
Withdrawn status Lost status Source of classification or shelving scheme Damaged status Not for loan Home library Current library Shelving location Date acquired Total Checkouts Full call number Barcode Date last seen Copy number Price effective from Koha item type
    Other/Generic Classification Scheme     London London Basement 14/09/1999   RESERVE SHELVES 30014067 06/08/2019 1 06/08/2019 Reference material